| 000 | 00886nam a22002057a 4500 | ||
|---|---|---|---|
| 003 | BD-DhUL | ||
| 005 | 20220224110023.0 | ||
| 008 | 160919s1983 bg ||||| b||| 000 0 ben d | ||
| 040 |
_aBD-DhUL _cBD-DhUL |
||
| 082 |
_a954.92 _bRAE |
||
| 100 | 0 | _aরফিকুল ইসলাম। | |
| 245 | 0 | 0 |
_aএকটি ফুলকে বাঁচাবো বলে / _cরফিকুল ইসলাম। |
| 260 |
_aঢাকা : _bইউনির্ভাসিটি প্রেস, _c১৯৮৩ (১৯৮৮ মুদ্রণ)। |
||
| 300 |
_a[১২], ২২৬ পৃ. : _bচিত্র, মানচিত্র ; _c২২ সেমি. |
||
| 365 |
_aBDT _b35.00 |
||
| 504 | _aগ্রন্থপঞ্জি : পৃ. ২১৭-২২০ | ||
| 651 | 4 |
_aবাংলাদেশ _xইতিহাস |
|
| 651 | 4 |
_aBangladesh _xHistory |
|
| 942 |
_2ddc _cBK |
||
| 999 |
_c104996 _d104996 |
||